Sử dụng phân heo và phân heo trộn lục bình sau ủ làm nguyên liệu sinh khí sinh học tại Mỹ Khánh - Phong Điền - Cần Thơ : Luận văn tốt nghiệp đại học. Chuyên ngành Khoa học môi trường
Xác định lượng chất thải trong chăn nuôi heo, tổng lượng khí và hàm lượng khí Methane sinh ra từ túi ủ biogas góp phần giảm thiểu ô nhiễm môi trường và tìm nguồn năng lượng mới.
Spremljeno u:
| Glavni autor: | |
|---|---|
| Format: | Knjiga |
| Jezik: | Undetermined |
| Izdano: |
Cần Thơ
Trường Đại Học Cần Thơ
2010
|
| Teme: | |
| Oznake: |
Dodaj oznaku
Bez oznaka, Budi prvi tko označuje ovaj zapis!
|
| Thư viện lưu trữ: | Trung tâm Học liệu Trường Đại học Cần Thơ |
|---|
| LEADER | 01199nam a2200205Ia 4500 | ||
|---|---|---|---|
| 001 | CTU_165300 | ||
| 008 | 210402s9999 xx 000 0 und d | ||
| 082 | |a 665.7 | ||
| 082 | |b L304 | ||
| 100 | |a Lê, Trần Thanh Liêm | ||
| 245 | 0 | |a Sử dụng phân heo và phân heo trộn lục bình sau ủ làm nguyên liệu sinh khí sinh học tại Mỹ Khánh - Phong Điền - Cần Thơ : | |
| 245 | 0 | |b Luận văn tốt nghiệp đại học. Chuyên ngành Khoa học môi trường | |
| 245 | 0 | |c Lê Trần Thanh Liêm ; Trương Thị Nga, Nguyễn Thị Như Ngọc (cán bộ hướng dẫn) | |
| 260 | |a Cần Thơ | ||
| 260 | |b Trường Đại Học Cần Thơ | ||
| 260 | |c 2010 | ||
| 520 | |a Xác định lượng chất thải trong chăn nuôi heo, tổng lượng khí và hàm lượng khí Methane sinh ra từ túi ủ biogas góp phần giảm thiểu ô nhiễm môi trường và tìm nguồn năng lượng mới. | ||
| 650 | |a Biotechnology,Công nghệ sinh học,Biogas | ||
| 904 | |i Kim Lan, Giang | ||
| 980 | |a Trung tâm Học liệu Trường Đại học Cần Thơ | ||